Výdavky na obranu vo svete na pozadí globálnej hospodárskej krízy

Globálna ekonomická kríza zatiaľ nemala výrazný vplyv na výšku vojenských výdavkov vo svete. Všetky svetové regióny s výnimkou Blízkeho východu vykázali aj v roku 2009 rast vojenských výdavkov. Výraznejší dopad krízy na obranné rozpočty však zaznamenávajú menšie štáty a štáty, ktorých príjmy do veľk...

ver descrição completa

Na minha lista:
Detalhes bibliográficos
Autor principal: Štefančíková, Michaela
Formato: Capítulo de Livro
Idioma:eslovaco
Assuntos:
Tags: Adicionar Tag
Sem tags, seja o primeiro a adicionar uma tag!

MARC

LEADER 00000nla$a2200000$$$4500
001 0128113
005 20240502072449.0
041 0 |a slo 
044 |a SK 
245 1 0 |a Výdavky na obranu vo svete na pozadí globálnej hospodárskej krízy  |c Michaela Štefančíková 
520 |a Globálna ekonomická kríza zatiaľ nemala výrazný vplyv na výšku vojenských výdavkov vo svete. Všetky svetové regióny s výnimkou Blízkeho východu vykázali aj v roku 2009 rast vojenských výdavkov. Výraznejší dopad krízy na obranné rozpočty však zaznamenávajú menšie štáty a štáty, ktorých príjmy do veľkej miery závisia od cien komodít na svetových trhoch. veľkej miery závisia od cien komodít na svetových trhoch. Vývoj svetových vojenských výdavkov podľa regiónov. 
610 2 0 |a výdavky 
610 2 0 |a zbrane 
610 2 0 |a výdavky na obranu a bezpečnosť 
610 2 0 |a kríza hospodárska 
100 1 |a Štefančíková, Michaela